| Tag |
First Indicator |
Second Indicator |
Subfields |
| LEADER |
00000cgm a2200000Mi 4500 |
| 001 |
in00005649708 |
| 008 |
230711s2023 dcu097 o vleng d |
| 006 |
m go c |
| 007 |
cr cna|||||||| |
| 007 |
vz czazuu |
| 005 |
20250701200848.1 |
| 035 |
|
|
|a (OCoLC)on1395016154
|
| 040 |
|
|
|a UAB
|b eng
|e rda
|c UAB
|d OCLCQ
|d OCLCL
|d OCLCF
|d OCLCO
|d EMRUN
|d OCLCO
|d OCLCQ
|
| 035 |
|
|
|a (OCoLC)1395016154
|
| 050 |
|
4 |
|a RC489.S74
|b C37 2023
|
| 082 |
0 |
4 |
|a 658.385
|q OCoLC
|2 23/eng/20231120
|
| 245 |
0 |
0 |
|a Career counseling /
|c American Psychological Association.
|
| 264 |
|
1 |
|a [Washington, D.C.] :
|b American Psychological Association,
|c [2023]
|
| 300 |
|
|
|a 1 online resource (96 min., 38 sec.) :
|b sound, color
|
| 336 |
|
|
|a two-dimensional moving image
|b tdi
|2 rdacontent
|
| 337 |
|
|
|a computer
|b c
|2 rdamedia
|
| 338 |
|
|
|a online resource
|b cr
|2 rdacarrier
|
| 546 |
|
|
|a English.
|
| 511 |
0 |
|
|a Host, Jon Carlson ; guest therapist, Mark L. Savickas.
|
| 500 |
|
|
|a Recording date: 2005-05-18.
|
| 520 |
3 |
|
|a In Career Counseling, Dr. Mark Savickas demonstrates his narrative counseling method for helping clients to fit work into their lives, rather than fit themselves to jobs. This approach looks at a client's life as a "novel being written," and it emphasizes recurring themes that reveal how the client uses work to advance his or her life projects. In this session, Dr. Mark L. Savickas works with a woman who is graduating with a degree in school counseling. It becomes apparent during the session that this career does not fit her personality. Dr. Mark L. Savickas uses a series of intriguing questions to help her understand why this career does not work for her and what type of work would make her happy. The client is visibly changed during this compelling session. This fascinating DVD features a voiceover option through which viewers can choose to hear Dr. Savickas's comments on the therapy session as it plays out.
|
| 650 |
|
0 |
|a Vocational guidance.
|
| 650 |
|
0 |
|a Career development.
|
| 650 |
|
0 |
|a Counseling
|v Case studies.
|
| 650 |
|
0 |
|a Narrative therapy
|
| 650 |
|
2 |
|a Narrative Therapy
|
| 650 |
|
2 |
|a Vocational Guidance.
|
| 650 |
|
6 |
|a Thérapie narrative.
|
| 650 |
|
6 |
|a Secondes carrières.
|
| 650 |
|
7 |
|a Vocational guidance
|2 fast
|
| 650 |
|
7 |
|a Career development
|2 fast
|
| 650 |
|
7 |
|a Narrative therapy
|2 fast
|
| 655 |
|
7 |
|a Educational films.
|2 lcgft
|
| 655 |
|
7 |
|a Nonfiction films.
|2 lcgft
|
| 700 |
1 |
|
|a Savickas, Mark,
|d 1947-
|e presenter.
|
| 700 |
1 |
|
|a Carlson, Jon,
|e host.
|
| 700 |
1 |
|
|a Savickas, Mark,
|d 1947-
|e presenter.
|
| 710 |
2 |
|
|a American Psychological Association,
|e issuing body.
|
| 758 |
|
|
|i has work:
|a Career counseling (MovingImage)
|1 https://id.oclc.org/worldcat/entity/E39PCFCXCyDGHk8CcxFwbp9Gpd
|4 https://id.oclc.org/worldcat/ontology/hasWork
|
| 856 |
4 |
0 |
|u http://proxy.library.tamu.edu/login?url=https://psyctherapy.apa.org/Title/777700740-001
|z Connect to this online video
|t 0
|
| 994 |
|
|
|a Z0
|b TXA
|
| 948 |
|
|
|h NO HOLDINGS IN TXA - 2 OTHER HOLDINGS
|
| 999 |
f |
f |
|s 69cbe915-a449-47cb-a31b-4046811a9d79
|i 5b0735f4-e4e6-4397-93cb-ead6da5dd5f6
|t 0
|
| 952 |
f |
f |
|a Texas A&M University
|b College Station
|c Electronic Resources
|d Available Online
|t 0
|e RC489.S74 C37 2023
|h Library of Congress classification
|
| 998 |
f |
f |
|a RC489.S74 C37 2023
|t 0
|l Available Online
|